| 000 | 00627nam a22001937a 4500 | ||
|---|---|---|---|
| 005 | 20240116151022.0 | ||
| 010 | _aENG-138912 | ||
| 020 | _a9784775401552 | ||
| 035 | _aEN-122444 | ||
| 037 | _bDBAD/PUB | ||
| 082 | _a880 | ||
| 100 |
_aMatsushita, Tomonori _960976 |
||
| 245 | _aA Glossarial Concordance to William Langland's The Vision of Piers Plowman The A Text / | ||
| 260 |
_aJapan _bShohakusha Publishing _c2009 |
||
| 270 |
_bJapan _a1-6-1 Iidabashi, Chiyoda-ku, Tokyo, Japan _e1020072 |
||
| 300 |
_a603 p. _c32 cm(hbk) |
||
| 710 |
_aRoma Chatterjee _eEditor _959600 |
||
| 942 |
_2ddc _cEN _h880 _mMAT |
||
| 999 |
_c200159 _d200159 |
||